Top 5 Least Attractive Accents - Statistics

General Stats
  • This quiz has been taken 72 times
  • The average score is 3 of 5
Answer Stats
Order Country/Accent % Correct
1 American (New York)
93%
5 English (Yorkshire)
67%
4 German
66%
2 Canadian
44%
3 Spanish
38%
No matching quizzes found
Score Distribution
Percent of People with Each Score
Percentile by Number Answered
Your Score History
You have not taken this quiz